Anglické předložky /

Další autoři: Maňková, Milada
Jazyk: Čeština
Angličtina
Vydáno: Dubicko : INFOA, [1996]
Témata:
Fyzický popis: 132 s. ; 20 cm
Knihy
Uloženo v:
LEADER 01083nam a2200325 a 4500
001 000063564
003 CZ BrMZK
005 20180522093030.0
007 ta
008 950313s1996 xr e f cze d
020 |a 80-85836-28-9 
040 |a BOA001  |b cze 
041 1 |a cze  |a eng 
080 |a 811.111  |2 MRF 
080 |a 81'367.633  |2 MRF 
080 |a (035)  |2 MRF 
080 |a (048.8)  |2 MRF 
245 0 0 |a Anglické předložky /  |c Milada Maňková...[et al.]. 
260 |a Dubicko :  |b INFOA,  |c [1996] 
300 |a 132 s. ;  |c 20 cm 
650 0 7 |a angličtina  |7 ph114056  |2 czenas 
650 0 7 |a předložky (lingvistika)  |7 ph174202  |2 czenas 
655 7 |a příručky  |7 fd133209  |2 czenas 
655 7 |a přehledy  |7 fd133202  |2 czenas 
700 1 |a Maňková, Milada  |7 ola2009548115  |4 aut 
910 |a BOA001  |b 2-1018.557  |b PK-0125.084 
920 |a 000070041 
990 |a BK 
996 6 |b 2610034059  |c 2-1018.557  |l MZK  |r Sklad / do 1 hodiny  |n 12  |p p.v.  |w 000063564  |u 000010  |a 1  |e BOA001  |j MZK50  |s P 
996 7 |b 3119003588  |c PK-0125.084  |l MZK  |r Sklad / do 1 hodiny  |n 18  |p kup  |w 000063564  |u 000020  |a 1  |e BOA001  |j MZK50  |s A